00925 2200229 4500001002100000005001700021008004100038035002500079040001200104082001500116084002000131100002400151245020800175260006200383300003200445500011200477504003100589650003400620700001100654850001200665990001800677INLIS00000000000873320150803203628.0  a0010-081500000000171 aYOPDYOG 223a297.14 aSK 297.14 Ngu H aNGUBAIDULLAH Subhan aHubungan antara metode belajar musyawarah dengan prestasi belajar pada mata pelajaran fiqih siswa kelas II semester genap di Madrasah Aliyah Ali Maksum Krapyak Yogyakarta 2006/2007c/ Ngubaidullah Subhan aYogyakartabUniversitas Islam Negeri Sunan Kalijagac2007 axiv, 107 lembarc; 29,5 cm. aSkripsi Jurusan Pendidikan Agama Islam Fakultas Tarbiyah Universitas Islam Negeri Sunan Kalijaga Yogyakarta aBibliografi : hlm. 104-107 aFikih -- Studi dan Pengajaran aRADINO aYOPDYOG a47128-PD/A.15